| 000 | 00417cam a2200169ua 4500 | ||
|---|---|---|---|
| 020 | _c1.35 | ||
| 041 |
_amal _h |
||
| 082 |
_a200.1 _bTAG/MA |
||
| 100 | _aTagore, Rabindranath . | ||
| 245 |
_aManushyante Matham / _cRabindranath Tagore. _hTextual Documents |
||
| 260 |
_a : _bVenus press and book depot , _c1960. |
||
| 300 | _a150 ; . | ||
| 365 | _a1.35 | ||
| 504 | _a | ||
| 942 | _cBK | ||
| 999 |
_c1002 _d1002 |
||